| 000 | 00440nam a2200145Ia 4500 | ||
|---|---|---|---|
| 003 | OSt | ||
| 005 | 20260128123029.0 | ||
| 008 | 211028s2018 xx 000 0 und d | ||
| 040 | _cAIMIT LIBRARY | ||
| 041 | _aeng | ||
| 100 |
_aJaison, Anupama; Dias, Beena. _g1616020 _97777 |
||
| 245 | _aPragmatic effectiveness and vital challenges of recruiting process of portea Bangalore / | ||
| 260 |
_aMangalore _bBeena Dias _c2018 |
||
| 942 |
_2ddc _cPRO |
||
| 999 |
_c219345 _d219345 |
||